| 000 | 00395nam a22001577a 4500 | ||
|---|---|---|---|
| 003 | NUST - PNEC | ||
| 005 | 20170116181156.0 | ||
| 008 | 160112b xxu||||| |||| 00| 0 eng d | ||
| 020 | _a- | ||
| 040 | _cLIBRARY | ||
| 082 | _a891.4391 AMI | ||
| 100 |
_915934 _aAmir, Zahid |
||
| 245 |
_aTumhe kahin dekha hai _cZashid Amir |
||
| 260 |
_aLahore: _bGoora Publications; _cc1994. |
||
| 942 |
_2ddc _cBK |
||
| 999 |
_c71213 _d71213 |
||